000 005200000a22001810004500
003 MACL
005 20160306115942.0
008 160306b xxu||||| |||| 00| 0 eng d
040 _aMACL
_cMACL
041 _aHindi
082 _a891.432
100 _aदिव्‍य अम्बिका प्रसाद
_941889
245 _aनिर्वाण - पथ
260 _bसाहित्‍य सदन
_aइलाहाबाद
350 _a5
650 _aDrama
_943373
942 _cHIN
_k891.432
_2ddc
999 _c25828
_d25828